000 00346 a2200169 4500
001 186228
020 _a85-357-0609-7
040 _cMagnum
100 _aShakespeare, William
240 1 0 _aTrês amores
_lpor
245 1 0 _aTrês amores
300 _a126
362 0 _a2009
440 1 _aAtual
697 _aLITERATURA JUVENIL
942 _cBK
999 _c186228
_d186228